| 000 | 00886nam a22002177a 4500 | ||
|---|---|---|---|
| 003 | 0 | ||
| 005 | 20251104090650.0 | ||
| 008 | 251104b xxu||||| |||| 00| 0 eng d | ||
| 020 | _a978-0-525-55949-8 | ||
| 050 |
_aPR 6108 _b.A39 2020 |
||
| 100 |
_aHaig, Matt, _eauthor. |
||
| 245 |
_aThe midnight library / _cMatt Haig. |
||
| 260 |
_aLondon : _bPenguin Books, _c2020. |
||
| 300 |
_a288 pages ; _c20 cm. |
||
| 520 | _aBetween life and death there is a library, and within that library, the shelves go on forever. Every book provides a chance to try another life you could have lived. Nora Seed must search within herself as she travels through the Midnight Library to decide what is truly fulfilling in life. | ||
| 650 |
_aLife change events _vFiction. |
||
| 650 |
_aChoice (Psychology) _vFiction. |
||
| 650 |
_aRegret _vFiction. |
||
| 650 |
_aLibraries _vFiction. |
||
| 942 |
_2lcc _cBK |
||
| 999 |
_c368434 _d368434 |
||